Física 5 /

Guardado en:
Autor Principal: Depau, Carmen
Otros Autores: Tonelli, Lidia, Cavalchino, Adelba
Formato: Libro
Publicado: Buenos Aires : Plus Ultra, 1994
Materias:
Etiquetas: Agregar Etiqueta
Sin Etiquetas, Sea el primero en etiquetar este registro!
LEADER 01048nam a22002295a 4500
001 CEM.cems017814
008 130507s1994##################000#0#####d
005 20260506084938.0
245 1 0 |a Física 5 /  |c Carmen Depau, Lidia Tonelli y Adelba Cavalchino 
260 |a Buenos Aires :  |b Plus Ultra,  |c 1994 
300 |a 273 p. 
500 |a Para quinto año bachillerato 
505 0 |a Optica -- Optica geométrica -- Refracción de la luz -- Dioptras y lentes -- Optica física -- Electricidad -- Campo eléctrico -- Potencial eléctrico -- Capacidad eléctrica -- Corriente eléctrica -- Transformación de la energía química en eléctrica -- Resistencia -- Efectos de la corriente eléctrica -- Magnetismo -- Electromagnetismo 
020 |a 950211042 
100 1 |a Depau, Carmen 
700 1 |a Tonelli, Lidia 
700 1 |a Cavalchino, Adelba 
082 0 4 |a 530 
653 |a Física 
653 |a Física-polimodal 
859 |a CEMS  |b BIB. CEMS - Agricultura  |h 530  |i D440  |p A1571.12  |t Ej.1  |v 5  |3 5 
859 |a CEMS  |b BIB. CEMS - Agricultura  |h 530  |i D440  |p A4130.26  |t Ej.2  |3 5